00409nam a2200157 a 450000100060000000300090000600800410001502000150005604000280007108200150009910000270011424500230014126000550016430000110021965000210023015972CO-ViMGA141112s2004 ck r 000 u spa d a9592600112 aCO-ViMGAbspacCO-ViMGA04aA863 A238d1 aAcevedo Díaz, Zelmar10aLa Dama de cristal aLa Habana (Cuba), cCasa de las Américas, c1999 a492.p.14aNOVELA ARGENTINA